000 03644cam a2200421 4500500
005 20251228094528.0
041 _afre
042 _adc
100 1 0 _aBenassi, Stéphane
_eauthor
245 0 0 _aLa route en marges. Retour sur les mythologies errantes de la culture surf
260 _c2018.
500 _a86
520 _aCet article s’attache à montrer comment, depuis le film The Endless Summer (B. Brown, 1964), le monde du surf a développé un ensemble de récits concourant à la mise en place d’une mythologie fondée sur l’idée d’un mode de vie alternatif qui incita des milliers de jeunes à se lancer à la poursuite de la vague parfaite et de l’été sans fin. Cette thématique de l’exploration, du voyage, de l’expression et de l’expérimentation par l’emprunt de voies parallèles, que l’auteur nomme la route en marges, se développera jusqu’à devenir l’un des éléments centraux de ce qui constitue désormais une véritable sous-culture. Elle subsiste aujourd’hui dans les discours audiovisuels du monde du surf et continue d’entretenir certains fantasmes pouvant être à l’origine de trajectoires de vies tout en étant susceptibles d’instrumentalisations marchandes par les marques ou sur les réseaux sociaux.
520 _aThis article aims to show how, since the movie The Endless Summer (Bruce Brown, 1964), the surfing world has developed a set of stories contributing to the establishment of a mythology based on the idea of an alternative lifestyle that prompted thousands of young people to pursue the perfect wave and endless summer. This theme of exploring, traveling, expressing and experimenting through the use of parallel paths, which the author calls the marginal route, will develop considerably until it becomes one of the central elements of a real subculture. It remains today in the audiovisual speeches of the world of surfing and continues to maintain certain fantasies which can be at the origin of trajectories of lives while being able to instrumentalization marketed by brands or on the social networks.
520 _aEste artículo busca mostrar cómo, desde la película The Endless Summer (B. Brown, 1964), el mundo del surf ha desarrollado un conjunto de relatos que contribuyen a establecer una mitología basada en la idea de un modo de vida alternativo que incitó a miles de jóvenes a lanzarse en busca de la ola perfecta y de verano sin fin. Esta temática de la exploración, el viaje, la expresión y la experimentación, que el autor llama la ruta en márgenes, se convertirá en uno de los elementos centrales de lo que es una verdadera subcultura. Hoy en día persiste en los discursos audiovisuales del mundo del surf y sigue alimentando ciertos fantasmas que pueden influenciar las trayectorias de vida, además de ser instrumentalizadas comercialmente por las marcas y en las redes sociales.
690 _aaudiovisuel
690 _adiscours
690 _amarginalité
690 _amédias
690 _amythologie
690 _aréseaux sociaux
690 _aroute
690 _asociété de consommation
690 _asurf
690 _avoyage
690 _aaudiovisual
690 _aconsumer society
690 _adiscourse
690 _amarginality
690 _amedias
690 _amythology
690 _aroad
690 _asocial networks
690 _asurfing
690 _atravel
786 0 _nCommunication & langages | 195 | 1 | 2018-01-19 | p. 43-58 | 0336-1500
856 4 1 _uhttps://shs.cairn.info/revue-communication-et-langages-2018-1-page-43?lang=fr&redirect-ssocas=7080
999 _c1604839
_d1604839